[Event "Oberpfalz-ch M3"]
[Site "Bad Koetzting"]
[Date "2018.03.26"]
[Round "6"]
[White "Haas, Carl Gustav"]
[Black "Zeitler, Juergen"]
[Result "1/2-1/2"]
[WhiteElo "1451"]
[BlackElo "1536"]
[PlyCount "49"]
[EventDate "2018.03.24"]
[EventType "swiss"]
[EventRounds "8"]
[EventCountry "GER"]
[SourceTitle "EXT 2020"]
[Source "ChessBase"]
[SourceDate "2019.10.17"]
[SourceVersion "1"]
[SourceVersionDate "2019.10.17"]
[SourceQuality "1"]

1. c4 e5 2. g3 Nf6 3. Bg2 c6 4. e4 Bc5 5. Nf3 d6 6. d3 Be6 7. Nc3 a6 8. 0-0 h6 9. Be3 Bxe3 10. fxe3 Qb6 11. Qd2 Nbd7 12. b3 Ng4 13. Rae1 0-0 14. h3 Ngf6 15. Kh2 Qd8 16. d4 d5 17. exd5 cxd5 18. dxe5 Ne4 19. Nxe4 dxe4 20. Nd4 Nxe5 21. Bxe4 Qd7 22. Qg2 Rab8 23. Nxe6 fxe6 24. Rf4 Rfd8 25. Re2 1/2-1/2

[Event "Oberpfalz-ch M3"]
[Site "Bad Koetzting"]
[Date "2018.03.26"]
[Round "5"]
[White "Zeitler, Juergen"]
[Black "Erhardt, Philipp"]
[Result "0-1"]
[WhiteElo "1536"]
[BlackElo "100"]
[PlyCount "70"]
[EventDate "2018.03.24"]
[EventType "swiss"]
[EventRounds "8"]
[EventCountry "GER"]
[SourceTitle "EXT 2020"]
[Source "ChessBase"]
[SourceDate "2019.10.17"]
[SourceVersion "1"]
[SourceVersionDate "2019.10.17"]
[SourceQuality "1"]

1. e4 e5 2. Nf3 Nc6 3. Bb5 a6 4. Ba4 Nf6 5. 0-0 Be7 6. Re1 b5 7. Bb3 0-0 8. d4 d6 9. c3 Bg4 10. d5 Na5 11. Bc2 Qd7 12. Qd3 c5 13. Nbd2 c4 14. Qe3 Nh5 15. h3 Nf4 16. Nh2 Bh5 17. Bd1 Bxd1 18. Rxd1 h6 19. Ndf3 Nb7 20. b4 a5 21. Bd2 f5 22. a3 a4 23. Nd4 exd4 24. Qxf4 Bf6 25. Rac1 fxe4 26. Qxe4 Rae8 27. Qg4 Qxg4 28. Nxg4 d3 29. Re1 Bd8 30. g3 h5 31. Ne3 Bb6 32. Kg2 Rf7 33. f4 Rfe7 34. Nf5 Re2+ 35. Kf3 Rf2# 0-1

[Event "Zirndorf Cup"]
[Site "Zirndorf"]
[Date "2017.09.01"]
[Round "4"]
[White "Mix, Thomas"]
[Black "Zeitler, Juergen"]
[Result "1-0"]
[WhiteElo "1927"]
[BlackElo "1683"]
[PlyCount "43"]
[EventDate "2017.08.30"]
[EventType "swiss"]
[EventRounds "7"]
[EventCountry "GER"]
[SourceTitle "CBM 180 Extra"]
[Source "ChessBase"]
[SourceDate "2017.10.06"]
[SourceVersion "1"]
[SourceVersionDate "2017.10.06"]
[SourceQuality "1"]

1. Nf3 d5 2. e3 Nc6 3. d4 Nf6 4. c4 Bg4 5. Nc3 e6 6. Qb3 a6 7. Ne5 Nxe5 8. dxe5 dxc4 9. Qxc4 b5 10. Qf4 Bh5 11. exf6 b4 12. Be2 Bd6 13. Qc4 Bg6 14. Ne4 Rc8 15. Nxd6+ cxd6 16. Qxb4 Rc2 17. Qa4+ Kf8 18. Qxa6 gxf6 19. Bd3 Bxd3 20. Qxd3 Qa5+ 21. Bd2 Qc5 22. Bc3 1-0

[Event "Zirndorf Cup"]
[Site "Zirndorf"]
[Date "2017.08.31"]
[Round "3"]
[White "Zeitler, Juergen"]
[Black "Mock, Markus"]
[Result "0-1"]
[WhiteElo "1683"]
[BlackElo "1969"]
[PlyCount "154"]
[EventDate "2017.08.30"]
[EventType "swiss"]
[EventRounds "7"]
[EventCountry "GER"]
[SourceTitle "CBM 180 Extra"]
[Source "ChessBase"]
[SourceDate "2017.10.06"]
[SourceVersion "1"]
[SourceVersionDate "2017.10.06"]
[SourceQuality "1"]

1. e4 c5 2. Nf3 Nc6 3. d4 cxd4 4. Nxd4 e5 5. Nxc6 bxc6 6. Bc4 Nf6 7. Bg5 Qa5+ 8. Qd2 Bb4 9. c3 Be7 10. Bxf6 Bxf6 11. b4 Qc7 12. b5 cxb5 13. Bxf7+ Ke7 14. 0-0 Bb7 15. Bd5 Bxd5 16. Qxd5 Qc6 17. Rd1 Qxd5 18. Rxd5 Rab8 19. Nd2 Rhc8 20. Nf3 d6 21. Rad1 Rb6 22. R5d3 Ke6 23. Ne1 Rc4 24. f3 Rbc6 25. Rd5 Rxc3 26. Rxb5 Ra3 27. Nd3 Bg5 28. Kf1 Bh6 29. Nb4 Rb6 30. Rxb6 axb6 31. Nd5 Rxa2 32. Nxb6 Be3 33. Nc4 Bd4 34. Rd2 Ra4 35. Rc2 d5 36. exd5+ Kxd5 37. Nd2 Ra1+ 38. Ke2 Rg1 39. g3 Rg2+ 40. Kd3 Rxh2 41. Rc7 g6 42. Ne4 Ra2 43. Rxh7 Ra3+ 44. Ke2 Re3+ 45. Kd2 Rxf3 46. Rh4 Re3 47. Nf6+ Ke6 48. Ne4 Ra3 49. g4 Be3+ 50. Ke2 Bf4 51. Nc5+ Kd5 52. Nd3 Bg5 53. Rh8 Ra2+ 54. Kf1 Kd4 55. Rh3 Ra3 56. Ke2 e4 57. Nf2 Ra2+ 58. Kf1 e3 59. Rf3 Rxf2+ 60. Rxf2 exf2 61. Kxf2 Ke4 62. Kg3 Ke5 63. Kf3 Bh4 64. Ke3 g5 65. Kf3 Kd4 66. Kg2 Ke4 67. Kh2 Kf4 68. Kg1 Kxg4 69. Kg2 Be1 70. Kf1 Ba5 71. Kg2 Bb6 72. Kh1 Kf3 73. Kh2 g4 74. Kh1 Bc7 75. Kg1 g3 76. Kh1 g2+ 77. Kg1 Bb6+ 0-1

[Event "Regensburg Donau Cup"]
[Site "Regensburg"]
[Date "2017.05.24"]
[Round "1"]
[White "Zeitler, Juergen"]
[Black "Krupke, Sven"]
[Result "0-1"]
[WhiteElo "1439"]
[BlackElo "1903"]
[PlyCount "44"]
[EventDate "2017.05.24"]
[EventType "swiss"]
[EventRounds "7"]
[EventCountry "GER"]
[SourceTitle "CBM 178 Extra"]
[Source "ChessBase"]
[SourceDate "2017.06.22"]
[SourceVersion "1"]
[SourceVersionDate "2017.06.22"]
[SourceQuality "1"]

1. e4 c5 2. Nf3 d6 3. d4 cxd4 4. Nxd4 g6 5. Be3 Bg7 6. Nc3 Nf6 7. Be2 Nc6 8. Qd2 0-0 9. 0-0-0 Ng4 10. Nxc6 bxc6 11. Bd4 Bh6 12. f4 e5 13. Bxg4 Bxg4 14. Be3 Bxd1 15. Rxd1 Qh4 16. g3 Qh3 17. Qxd6 Qxh2 18. Qxe5 Qxg3 19. Bd2 Rad8 20. Ne2 Qf2 21. Nc3 Rxd2 22. Rxd2 Bxf4 0-1